Almond / (Record no. 181287)

000 -LEADER
fixed length control field 00409nam a22001697a 4500
020 ## - INTERNATIONAL STANDARD BOOK NUMBER
ISBN 9780063266919
082 ## - DEWEY DECIMAL CLASSIFICATION NUMBER
Classification number 823
Item number WON/A
100 ## - MAIN ENTRY--AUTHOR NAME
Personal name Won-Pyung Sohn
245 ## - TITLE STATEMENT
Title Almond /
Statement of responsibility, etc by Won-Pyung Sohn
260 ## - PUBLICATION, DISTRIBUTION, ETC. (IMPRINT)
Place of publication Newyork:
Name of publisher HarperCollins,
Year of publication 2020.
300 ## - PHYSICAL DESCRIPTION
Number of Pages 259p.
650 ## - SUBJECT ADDED ENTRY--TOPICAL TERM
Topical Term Novel English
650 ## - SUBJECT ADDED ENTRY--TOPICAL TERM
Topical Term Literature English
650 ## - SUBJECT ADDED ENTRY--TOPICAL TERM
Topical Term Literature
700 ## - ADDED ENTRY--PERSONAL NAME
Personal name Sandy Joosun Lee (tr.)
942 ## - ADDED ENTRY ELEMENTS (KOHA)
Koha item type Book
Holdings
Withdrawn status Lost status Damaged status Not for loan Permanent Location Current Location Shelving location Date acquired Full call number Accession Number Price effective from Koha item type
        Sree Sankaracharya University of Sanskrit Sree Sankaracharya University of Sanskrit Stacks 24.04.2026 823 WON/A 108240 24.04.2026 Book